00516nam a2200193 a 4500001001300000003000900013005001700022008004100039020001000080082001700090100001800107245006200125260002700187300000800214500003500222505002200257650002500279700001800304nice12345678IN_TiNIC20260116015114.0050524s0000 mala grp 000 0 eng  ac10000a200.922bSEN aSeng, Kam Eng aBiography of Kam Eng Seng, the Narrator of God`d New Word aMalaysiabAuthorc0000 a27p aincludes index and biblioraphy2 aFeb, 25-27, 2000. aBiographies-Religion1 aSeng, Kam Eng